000 00794cam a2200313 4500
001 ABS67710
008 040506n2004 000 0 eng u
035 _a(Sirsi) u126130
245 _aRegional survey: Kent
260 _c2004
490 _aProperty Week
_v69(14) 2 April 2004, 59-72(8)
590 _aABS
590 _aABS
650 _aKENT
650 _aMAIDSTONE
650 _aTUNBRIDGE WELLS
650 _aTHANET
650 _aMARGATE
650 _aRAMSGATE
650 _aBROADSTAIRS
650 _aBLUEWATER
650 _aPLANNING ISSUES
650 _aINDUSTRIAL MARKET
650 _aPROPERTY-COMMERCIAL PROPERTY-RETAIL PROPERTY-RETAIL PROPERTY MARKET
650 _aOFFICE MARKET
650 _aAIRPORTS
690 _aCOMMERCIAL PROPERTY-MARKET
942 _n0
999 _c117314
_d117314